«Реал Мадрид» - Армагеддон - Statistics

General Stats
  • This quiz has been taken 27 times
    15 since last reset
  • The average score is 18 of 50
Answers on the Grid
Answers color-coded by a green-red scale on the quiz's grid according to % correct below.
Рауль Гонсалес
Криштиану Роналду
Икер Касильяс
Патрик Виейра
Гарет Бейл
Паоло Мальдини
Дарио Срна
Тибо Куртуа
Марио Манджукич
Зинедин Зидан
Алессандро Неста
Эстебан Камбьяссо
Дженнаро Гаттузо
Давид Алаба
Роберт Левандовский
Марсело
Фернандо Морьентес
Дани Карвахаль
Серхио Агуэро
Клод Макелеле
Алешандре Пато
Рууд Гуллит
Андреа Пирло
Марсель Десайи
Роналдо
Марко Ройс
Кейлор Навас
Тони Кроос
Лоренцо Аморузо
Кларенс Зеедорф
Фернандиньо
Сантьяго Солари
Роке Санта Крус
Алан Ширер
Брэд Фридель
Якубу Айегбени
Дэвид Бекхэм
Франк Райкард
Сами Хедира
Генрих Мхитарян
Мичел Сальгадо
Каземиро
Фрэнк Лэмпард
Петер Шмейхель
Иско
Хаби Алонсо
Пеп Гвардиола
Давид Сильва
Маттиас Заммер
Робиньо
Эдуарду Камавинга
Дэмьен Дафф
Фернандо Йерро
Эйсебио
Нуну Гомеш
Лукас Васкес
Марио Гётце
Хамес Родригес
Илкай Гюндоган
Луиш Фигу
Франко Барези
Рикарду Карвалью
Гэри Спид
Федерико Вальверде
Дида
Месут Озиль
Кака
Альваро Арбелоа
Марко ван Бастен
Винисиус Жуниор
Рэзван Рац
Виктор Онопко
Роберто Карлос
Давид Жинола
Матео Ковачич
Кафу
Анхель Ди Мария
Гути
Лука Модрич
Марк Хьюз
Кенни Далглиш
Серхио Рамос
Рожерио Сени
Фабиу Коэнтрау
Пепе
Давор Шукер
Рауль Альбиоль
Уэсли Снейдер
Фабио Каннаваро
Жадсон
Рафаэль Варан
Костас Митроглу
Энди Коул
Харис Сеферович
Карим Бензема
Гонсало Игуаин
Йон-Даль Томассон
Пол Инс
Радамель Фалькао
 
Answer Stats
Answer % Correct
Винисиус Жуниор
57%
Фабио Каннаваро
57%
Криштиану Роналду
43%
Тибо Куртуа
43%
Зинедин Зидан
43%
Марсело
43%
Фернандо Морьентес
43%
Дэвид Бекхэм
43%
Каземиро
43%
Иско
43%
Робиньо
43%
Эдуарду Камавинга
43%
Лукас Васкес
43%
Рикарду Карвалью
43%
Месут Озиль
43%
Кака
43%
Роберто Карлос
43%
Матео Ковачич
43%
Серхио Рамос
43%
Фабиу Коэнтрау
43%
Рауль Альбиоль
43%
Рафаэль Варан
43%
Гонсало Игуаин
43%
Рауль Гонсалес
29%
Икер Касильяс
29%
Гарет Бейл
29%
Давид Алаба
29%
Дани Карвахаль
29%
Клод Макелеле
29%
Роналдо
29%
Кейлор Навас
29%
Тони Кроос
29%
Кларенс Зеедорф
29%
Сантьяго Солари
29%
Сами Хедира
29%
Мичел Сальгадо
29%
Хаби Алонсо
29%
Фернандо Йерро
29%
Хамес Родригес
29%
Луиш Фигу
29%
Федерико Вальверде
29%
Альваро Арбелоа
29%
Анхель Ди Мария
29%
Гути
29%
Лука Модрич
29%
Пепе
29%
Уэсли Снейдер
29%
Карим Бензема
29%
Эстебан Камбьяссо
14%
Давор Шукер
14%
No matching quizzes found
Score Distribution
Percent of People with Each Score
Percentile by Number Answered
Your Score History
You have not taken this quiz since the last reset